Suite des Amusemens philologiques. T. 1 (Запись № 13488174)

Подробности
000 -МАРКЕР
контрольное поле 01140nam2a22002531 4500
001 - ИДЕНТИФИКАТОР ЗАПИСИ
контрольное поле RU\NLR\KADK\56380
005 - ИДЕНТИФИКАТОР ВЕРСИИ
контрольное поле 20251214191717.0
035 ## - ДРУГИЕ СИСТЕМНЫЕ НОМЕРА
Идентификатор записи (NLR Aleph) 009866107
100 ## - ДАННЫЕ ОБЩЕЙ ОБРАБОТКИ
Данные общей обработки 20010911d1791 u y0rusy50 ca
101 0# - ЯЗЫК РЕСУРСА
Язык текста, звукозаписи и т.д. французский
200 0# - ЗАГЛАВИЕ И СВЕДЕНИЯ ОБ ОТВЕТСТВЕННОСТИ
Основное заглавие T. 1
210 ## - ПУБЛИКАЦИЯ, РАСПРОСТРАНЕНИЕ И ДР.
Место издания, распространения и т.д. St. Pétersbourg [St.- Peterburg]
Имя издателя, распространителя и т. д. De l'Imprimerie du dit Corps
Дата издания, распространения и т.д. 1791
215 ## - ФИЗИЧЕСКАЯ ХАРАКТЕРИСТИКА
Специфическое обозначение материала и объем [2], 293 с.
317 ## - ПРИМЕЧАНИЯ О ПРОИСХОЖДЕНИИ ЭКЗЕМПЛЯРА
Текст примечания Экз. с наклейкой Музея 1-го Кадет. корп. и штампом Лен. Воен. б-ки
Организация и экземпляр, к которому относится поле Рэ ШК / S-948 O1
461 #1 - УРОВЕНЬ НАБОРА
Встроенное поле 001RU\NLR\KADK\56378
-- 2000#$aSuite des Amusemens philologiques$eÀ l'usage du Corps impérial des cadets gentilshommes$vT. 1
Системный номер (АБИС) связанной записи 10403095
Место публикации St. Pétersbourg [St.- Peterburg]
Дата публикации 1791-1792
Имя издателя, распространителя и т.д. De l'Imprimerie du dit Corps
Сведения, относящиеся к заглавию À l'usage du Corps impérial des cadets gentilshommes
Заглавие Suite des Amusemens philologiques
Номер тома T. 1
620 ## - МЕСТО И ДАТА ПУБЛИКАЦИИ, ИСПОЛНЕНИЯ И Т. Д.
Город St.- Peterburg
712 02 - НАИМЕНОВАНИЕ ОРГАНИЗАЦИИ - ВТОРИЧНАЯ ОТВЕТСТВЕННОСТЬ
Начальный элемент ввода Corps des cadets
Идентифицирующий признак 1; Pétersbourg
Структурное подразделение Imprimerie
Код отношения Книготорговец
801 #0 - ИСТОЧНИК ЗАПИСИ
Страна российская федерация
Организация NLR
Дата составления 20010911
852 ## - МЕСТОНАХОЖДЕНИЕ И ШИФР ХРАНЕНИЯ
Идентификатор организации NLR
Наименование фонда или коллекции (Sub-Location Identifier) Б-ка 1-го Кадет. Корп.
Шифр хранения (Call Number) Рэ ШК / S-948 O1
942 ## - ДОПОЛНИТЕЛЬНЫЕ ЭЛЕМЕНТЫ ЗАПИСИ (АБИС)
Тип экземпляра АБИС Книга
980 ## - КОЛЛЕКЦИЯ
Название коллекции Библиотека 1-го Кадетского корпуса
980 ## - КОЛЛЕКЦИЯ
Название коллекции Национальная библиография

Нет доступных экземпляров.